Fighting Myself - Linkin Park (All Lyrics) - Statistics

General Stats
  • This quiz has been taken 38 times
  • The average score is 285 of 410
Answer Stats
Answer % Correct
I
100%
my
95%
the
90%
all
86%
Fighting
86%
in
86%
it
86%
it,
86%
me
86%
myself,
86%
always
81%
apart
81%
from
81%
From
81%
know
81%
lose
81%
start
81%
watch
81%
can
76%
change
76%
come
76%
Falling
76%
grace,
76%
inside
76%
Knowing
76%
so
76%
to
76%
back
71%
break
71%
can't
71%
changed
71%
head
71%
I'm
71%
need
71%
on
71%
this
71%
with
71%
breathe,
67%
'Cause
67%
'cause
67%
could've
67%
Every
67%
every
67%
free
67%
of
67%
see
67%
these
67%
and
62%
And
62%
don't
62%
focused
62%
is
62%
loud
62%
make
62%
past
62%
that
62%
though
62%
thought
62%
thoughts
62%
weight
62%
you
62%
anger
57%
for
57%
more
57%
Now,
57%
Now
57%
now
57%
speak
57%
time
57%
end
52%
mind
52%
regrets,
52%
regrets
52%
run
52%
sometimes
52%
thing
52%
up
52%
When
52%
But
48%
constantly
48%
gonna
48%
little
48%
making
48%
pain
48%
think
48%
together
48%
want
48%
about
43%
amplify
43%
bet
43%
better
43%
everything
43%
forever
43%
keep
43%
never
43%
put
43%
ruining
43%
there
43%
try
43%
what
43%
would
43%
came
38%
got
38%
hate
38%
how
38%
Just
38%
just
38%
like
38%
out
38%
quiet
38%
act
33%
doubt
33%
easily
33%
Even
33%
knew
33%
let
33%
seems
33%
silence
33%
top
33%
wanna
33%
wish
33%
builds
29%
built
29%
didn't
29%
learned
29%
mouth
29%
promise
29%
spilled
29%
worn
29%
held
24%
I'd
24%
sittin'
24%
overflows,
19%
unwillingly
19%
No matching quizzes found
Score Distribution
Percent of People with Each Score
Percentile by Number Answered
Your Score History
You have not taken this quiz